000 00288nam a22001337a 4500
008 180117b xxu||||| |||| 00| 0 eng d
020 _a077731522804
041 _aeng
080 _a030
100 _a23
101 _aENC
245 _aFUNK NEW ENCYCLOPEDIA
_cWORM.Z
942 _2udc
_cBK
999 _c40433
_d40433